| 000 | 00510nam a22001817a 4500 | ||
|---|---|---|---|
| 003 | OSt | ||
| 005 | 20140310182027.0 | ||
| 008 | 130814t xxu||||| |||| 00| 0 eng d | ||
| 050 |
_aBF 1815 _b.M984 1998 |
||
| 082 |
_aHS 133.3092 _bM88 1998 |
||
| 100 |
_aMurthi, R.K. _99999 |
||
| 245 |
_aThe prophecies of Nostradamus / _cR.K. Murthi |
||
| 260 |
_aKhari Baoli, Delhi : _bPustak mahal, _cc1998. |
||
| 300 |
_a160 p. : _bill. ; _c22 cm. |
||
| 650 |
_aNostradamus. _910000 |
||
| 942 |
_2lcc _cHS |
||
| 999 |
_c8509 _d8509 |
||